000 00825nam a2200217Ii 4500
003 JO-AjNU
008 230605s9999||||xx |||||||||||||| ||und||
040 _aJO-AjNU
_bara
_erda
_cJO-AjNU
041 _aara
050 1 4 _aQ124 .C612
100 3 _aالكاظمي، فؤاد ؛ترجمة صلاح سعد الله سعدالله خليل الشكرجي,
_eauthor
_918276
245 0 0 _aالصراع الجوهري:دراسات مختارة في التقليد العلمي والتغير
250 _aد.ط
264 3 1 _a د.م: د.ن، د.ت
300 _a313ص
336 _atext
_btxt
_2rdacontent
337 _aunmediated
_bn
_2rdamedia
338 _avolume
_bnc
_2rdacarrier
490 0 _aسلسلة المائة كتاب توماس كوهن
650 4 _aالعلوم - تاريخ - العلوم - فلسفة
_918277
999 _aA5813
_c9381
_d9381